书目信息 |
| 题名: |
概率论及数理统计
|
|
| 作者: | 王福保 编著 | |
| 分册: | ||
| 出版信息: | 上海 同济大学出版社 1994.10 |
|
| 页数: | 559页 | |
| 开本: | 32开 | |
| 丛书名: | ||
| 单 册: | ||
| 中图分类: | O21 | |
| 科图分类: | ||
| 主题词: | 概率论 , 数理统计 | |
| 电子资源: | ||
| ISBN: | 7-5608-1376-3 | |
| 000 | 00578nam0 2200205 45 | |
| 001 | 0007201791 | |
| 005 | 20000720170658.2 | |
| 010 | @a7-5608-1376-3@d20.00元 | |
| 100 | @a20000720d1994 km y0chiy0120 ea | |
| 101 | 0 | @achi |
| 105 | @a z 000yy | |
| 200 | 1 | @a概率论及数理统计@AGai Lu Lun Ji Shu Li Tong Ji@f王福保等编著@FWang Fu Bao Deng Bian Zhu |
| 210 | @a上海@c同济大学出版社@d1994.10 | |
| 215 | @a559页@d32开 | |
| 606 | 0 | @a概率论 |
| 606 | 0 | @a数理统计 |
| 690 | @aO21@v3 | |
| 701 | 0 | @a王福保@4编著 |
| 801 | @aCN@bPftUser@c20000720 | |
| 905 | @b72238-240@dO21@eW032=3@f3 | |
| 概率论及数理统计/王福保等编著.-上海:同济大学出版社,1994.10 |
| 559页;32开 |
| ISBN 7-5608-1376-3:20.00元 |
| ● |
| 相关链接 |
|
|
|
正题名:概率论及数理统计
索取号:O21/W032=3
 
预约/预借
| 序号 | 登录号 | 条形码 | 馆藏地/架位号 | 状态 | 备注 |
| 1 | 72238 | 200722389 | 自科二线504/504自科库 47排5列6层/ [索取号:O21/W032=3] | 在馆 | |
| 2 | 72239 | 200722398 | 自科二线504/504自科库 47排5列6层/ [索取号:O21/W032=3] | 在馆 | |
| 3 | 72240 | 200722405 | 自科二线504/504自科库 42排2列3层/ [索取号:O21/W032=3] | 在馆 |